| 000 | 00430nam a2200181Ia 4500 | ||
|---|---|---|---|
| 001 | 10015 | ||
| 005 | 20260306161800.0 | ||
| 008 | 260306t1972||||xx |||||||||||||| ||spa|| | ||
| 041 | _aESP | ||
| 082 |
_aPE 869.56 _bS22C |
||
| 100 |
_aSanchez, Luis Alberto [1900-1994] _eAUT |
||
| 245 | 0 | _aConversaciones | |
| 260 | _c1972 | ||
| 300 |
_a100 páginas : _c19 cm. |
||
| 650 | _aGEN | ||
| 654 | _aCHU | ||
| 942 |
_cLIB _dJUS _fJUS _2ddc _n |
||
| 999 |
_c10015 _d10015 |
||